00843nam a2200265 k 4500001001300000005001500013008004100028020003300069020002700102040001900129049002000148056001400168090002400182100001400206245014200220260003400362300002400396504001800420653006000438700001400498700001400512700001400526740002600540950001100566KMO20260071520260331090903260328s2023 ggkg 001 kor a9791192447759g14670c\320001 a9791192447742(전3권) a146043c1460430 lMEM000012292v1 a672.3426 a672.34b나73ㅊc11 a나정현20a(예배 반주자를 위한) 찬송가 전곡 반주nⅠp새찬송가 1~200장d나정현,e정다운,e채경원 [공]피아노 편곡 a성남b그래서음악c2023 a441p.b악보c27cm a색인 수록 a예배a반주자a찬송가a반주a음악a피아노1 a나정현1 a정다운1 a채경원02a새찬송가 1~200장0 b\32000 |
|---|